| 000 | 00952nam a2200229 a 4500 | ||
|---|---|---|---|
| 001 | 000078242 | ||
| 003 | AM-YEHGA | ||
| 005 | 20250617121817.0 | ||
| 008 | 950417s1987 ru |||||||||||||||||rus d | ||
| 040 | _aAM-YeHGA | ||
| 041 | 0 | _arus | |
| 100 | 1 | _aХалимов, Элик Мазитович | |
| 245 | 1 | 0 |
_aГеология месторождений высоковязких нефтей СССР : _bСправочное пособие / _cЭ.М. Халимов, И.М. Климушин, Л.И. Фердман. |
| 260 |
_aМосква : _bНедра, _c1987. |
||
| 300 |
_a172 с. ; _c22 см. |
||
| 650 | 1 | 4 | _aНефтяные месторождения - Геология - СССР |
| 650 | 1 | 4 | _aСправочники - Нефтяные месторождения - Геология |
| 700 | 1 | _aКолимушин, Иоллий Михайлович | |
| 700 | 1 | _aФердман, Лев Ильич | |
| 942 |
_2udc _cBK |
||
| 090 | _c24190 | ||
| 999 |
_c23903 _d23903 |
||